000 00312nam a22001457a 4500
008 210609b ||||| |||| 00| 0 eng d
020 _a9780878936953
041 _aeng
080 _25th
_a616.8
082 _a616.8
100 _a7
101 _aTRU
245 _aNeuro science
_cDale Purves
942 _2udc
_cBK
999 _c58107
_d58107